[Event "63rd ch-USA 2019"]
[Site "Saint Louis USA"]
[Date "2019.03.20"]
[Round "1.6"]
[White "Liang,Awonder"]
[Black "Lenderman,A"]
[Result "1/2-1/2"]
[WhiteElo "2590"]
[BlackElo "2637"]

1.e4 c5 2.Nf3 e6 3.d4 cxd4 4.Nxd4 Nf6 5.Nc3 Nc6 6.Nxc6 bxc6 7.Bd3 d5 8.O-O Be7
9.Qf3 O-O 10.Re1 a5 11.exd5 exd5 12.h3 Bd6 13.Ne2 Re8 14.Bg5 Be5 15.Rab1 h6
16.Bf4 Qd6 17.Bxe5 Rxe5 18.c4 Be6 19.Red1 Re8 20.Qg3 Bd7 21.Nd4 Nh5 22.Qf3 Nf4
23.Bf1 Qf6 24.g3 Rg5 25.Kh2 Re4 26.Nb3 Nxh3 27.Qxf6 gxf6 28.Nc5 Nxf2 29.Nxd7 Ng4+
30.Kg1 Re7 31.Nb6 Ne3 32.Rd2 Rxg3+ 33.Kf2 Rg5 34.Bh3 Re4 35.cxd5 cxd5 36.Nd7 Kg7
37.Nc5 Rh4 38.Kxe3 Rxh3+ 39.Kd4 Rh4+ 40.Ke3 d4+ 41.Rxd4 Rh3+ 42.Kf2 Rxc5
43.Rg1+ Rg5 44.Rg2 Rh1 45.Ra4 Rc1 46.Kf3 Rc5 47.Rh2 h5 48.Rhh4 Kg6 49.b3 Rc3+
50.Kf2 Rd5 51.Rhe4 Rf5+ 52.Kg2 Rc2+ 53.Kg3 Kg5 54.Rec4 Rcf2 55.Rc3 Rf1 56.Kh3 Rh1+
57.Kg2 Rd1 58.Rg3+ Kh6 59.Rf3 Rd2+ 60.Kg3 Rg5+ 61.Kh3 Kg6 62.Rc3 Rd1 63.Kh2 Rdd5
64.Rc8 Kg7 65.Kh3 Rd3+ 66.Kh2 Re5 67.Rc2 Rdd5 68.b4 axb4 69.Rxb4 Rd3 70.Rf2 f5
71.Rg2+ Kf6 72.Rh4 Re4 73.Rxh5 Rg4 74.Rb2 Kg6 75.Rh8 Ra3 76.Rg8+ Kf6 77.Rh8 Rga4
78.Kg2 Kg5 79.Rg8+ Kf4 80.Rf2+ Ke5 81.Re8+ Kf6 82.Rh8 Rg4+ 83.Kh2 f4 84.Rg2 Rg6
85.Rb2 Kf5 86.Rhb8 Rh6+ 87.Kg1 Kg4 88.R8b3 Rxb3 89.Rxb3 Rc6 90.a3 Rc1+ 91.Kf2 Rc2+
92.Kf1 Ra2 93.Rc3 f3 94.Rc8 Rxa3 95.Rg8+ Kf4 96.Rf8 Ra7 97.Kf2 Re7 98.Rb8 Re2+
99.Kf1 Ra2 100.Rf8 Ra7 101.Kf2 f5 102.Rb8 Re7 103.Ra8 Re2+ 104.Kf1 Rb2 105.Rc8 Rd2
106.Ra8 Rd4 107.Kf2 Re4 108.Rb8 Re2+ 109.Kf1 Rh2 110.Ra8 Rh4 111.Rb8 Kg3
112.Rg8+ Rg4 113.Rb8 Rc4 114.Rg8+ Kf4 115.Kf2 Rc2+ 116.Kf1 f2 117.Rb8 Kg4
118.Rb4+ f4 119.Rb3 f3 120.Rb4+ Kf5  1/2-1/2